|
|
|
|
| LEADER |
00684cam a2200181 7i4500 |
| 001 |
0000021321 |
| 005 |
20080609090000.0 |
| 022 |
0 |
0 |
|a 1394-0139
|
| 090 |
0 |
0 |
|a M 370.025
|b EDU
|
| 245 |
0 |
0 |
|a Education guide Malaysia your one-stop resource guide to Malaysian higher education :
|b 2007/ 08.
|
| 250 |
0 |
0 |
|a 11th ed.
|
| 260 |
0 |
0 |
|a Kuala Lumpur:
|b Challenger Concept,
|c 2007.
|
| 300 |
# |
# |
|a 648 p.
|
| 650 |
0 |
0 |
|a Education --
|x Directories --
|z Malaysia
|
| 651 |
0 |
0 |
|a Malaysia
|
| 999 |
|
|
|a JHR000064H
|b Directories
|c Malaysia
|e MATRADE Southern Regional Office
|
| 999 |
|
|
|a 0000022405
|b Directories
|c Malaysia
|e Business Information Centre
|
| 999 |
|
|
|a 0000022404
|b Directories
|c Malaysia
|e Business Information Centre
|